000 00617nam a22002177a 4500
003 UA-OsUOA
001 112774
007 ta
008 20150728b un ||||| |||| 00| 0 ukr d
100 _aПелешенко Ю.
090 _a82
_bП24
942 _cSA
040 _aUA-OsUOA
_bukr
_cUA-OsUOA
_dUA-OsUOA
245 _aМізогінний дискурс в українському середньовічному письменстві
300 _aС.18-27
955 _a0
041 _aukr
080 _a82
773 0 _w112772
650 7 _a82 Література. Літературознавство
_2UDC
999 _c398833
_d398833